Технология и физико-химические свойства тонкопленочных материалов на основе двойных оксидов Ta2O5-La2O3: диссертация на соискание ученой степени кандидата технических наук; спец. 05.17.11; 02.00.04

Dades bibliogràfiques
Autor principal: Лисеенко О. В. Ольга Владимировна
Autor corporatiu: Томский государственный университет
Altres autors: Козик В. В. Владимир Васильевич (научный руководитель), Борило Л. П. Людмила Павловна
Idioma:rus
Publicat: Томск, [Б. и.], 2006
Matèries:
Format: MixedMaterials Llibre
KOHA link:https://koha.lib.tpu.ru/cgi-bin/koha/opac-detail.pl?biblionumber=105101

MARC

LEADER 00000nbm0a2200000 4500
001 105101
005 20250225063227.0
035 |a (RuTPU)RU\TPU\book\113358 
090 |a 105101 
100 |a 20061113j20060919k y0rusy50 ca 
101 0 |a rus 
102 |a RU 
105 |a a m 001zy 
200 1 |a Технология и физико-химические свойства тонкопленочных материалов на основе двойных оксидов Ta2O5-La2O3  |e диссертация на соискание ученой степени кандидата технических наук  |e спец. 05.17.11  |e 02.00.04  |f О. В. Лисеенко  |g Томский государственный университет; науч. рук. В. В. Козик, Л. П. Борило 
210 |a Томск  |c [Б. и.]  |d 2006 
215 |a 168 л.  |c ил. 
229 |a Защищена 19.09.2006 г. 
320 |a Библиогр.: с. 141-155 (156 назв.). 
610 1 |a тонкие пленки 
610 1 |a тонкопленочные материалы 
610 1 |a получение 
610 1 |a свойства 
610 1 |a пленкообразующие растворы 
610 1 |a физико-химические процессы 
610 1 |a тонкие оксидные пленки 
610 1 |a тантал 
610 1 |a лантан 
610 1 |a двойные оксиды 
610 1 |a практическое применение 
610 1 |a диссертации 
675 |a 539.23(04)  |v 3 
686 |a 05.17.11  |a 02.00.04  |2 oksvnk 
700 1 |a Лисеенко  |b О. В.  |g Ольга Владимировна 
702 1 |a Козик  |b В. В.  |g Владимир Васильевич  |4 727 
702 1 |a Борило  |b Л. П.  |g Людмила Павловна  |4 727 
712 0 2 |a Томский государственный университет  |c 1917-2009  |7 ca  |8 rus  |2 stltpush  |3 (RuTPU)RU\TPU\col\397  |9 23396 
801 1 |a RU  |b 63413507  |c 20061113  |g PSBO 
801 2 |a RU  |b 63413507  |c 20061213  |g PSBO 
942 |c BK